| 000 | 00521nam a22001577a 4500 | ||
|---|---|---|---|
| 005 | 20120215151531.0 | ||
| 020 |
_a007463674 _c000.00 |
||
| 035 | _aB-26903 | ||
| 100 |
_aAbbey,Michael _942263 |
||
| 245 |
_aOracle8:/ _bA Beginner's Guide |
||
| 260 |
_aNew Delhi _bTata Mc Graw Hill _c1999 |
||
| 300 |
_axxi,765p. _c23cms |
||
| 700 |
_aHutnik, Stephen _942168 |
||
| 942 |
_2ddc _cEN _h005.756 _mURM |
||
| 999 |
_c62969 _d62969 |
||